00671 2200229 4500001002100000005001700021008004100038035002400079082001600103090002700119100001300146245005300159260009600212300002900308500002600337850001200363980001500375985000600390999001500396999001500411999001500426YOGYA-0209000005352620090227033144.0 ind  0010-020900000053526 a720.9921137 a720.99211.37bSal AlT aSALEH, M aArsitektur rumah adat tradisional NiascM. Saleh a[s.l]bProyek Pengembangan Media Kebudayaan departemen Pendidikan dan Kebudayaanc1988-1989 avii, 47 hlmbilusc22 cm aBibliografi : hal. 47 aYOPDYOG a08-01-2008 a3 aA000008483 aA000008482 aA000008484